000 00759nam a2200193 a 4500
001 BRCA_2086
005 20190320203648.0
008 080808s1988----mx-a---###---#000-0#spa-#
050 4 _aF1391.P8
_b.L43 13
_c1988
100 1 _aMaza, Francisco de la
_d1913-1972
_9278
245 1 0 _aJosé Luis Rodríguez Alconedo
_cFrancisco de la Maza.
260 _aPuebla, México
_bGobierno del Estado de Puebla : Secretaría de Cultura : Comisión Puebla V Centenario
_c1988
300 _a31 p.
_bil.
_c21 cm.
440 0 _aLecturas Históricas de Puebla
_n13
_96336
600 1 4 _aRodríguez Alconedo, José Luis
_d1761-1815
_vBiografías
_xHistoria
_96337
651 4 _aPuebla (México)
_xHistoria
_9409
651 4 _aPuebla (México)
_xLecturas históricas
_96338
942 _2lcc
_cB
999 _c1843
_d1843